The history of the first discovery and settlement of Virginia / (Record no. 52415)

MARC details
000 -LEADER
fixed length control field 00998cam a22002771a 4500
001 - CONTROL NUMBER
control field rc 01002807
003 - CONTROL NUMBER IDENTIFIER
control field DLC
005 - DATE AND TIME OF LATEST TRANSACTION
control field 20260227111907.0
007 - PHYSICAL DESCRIPTION FIXED FIELD--GENERAL INFORMATION
fixed length control field cr_|||||||||||
008 - FIXED-LENGTH DATA ELEMENTS--GENERAL INFORMATION
fixed length control field 790305r18651747nyu 000 0 engd
010 ## - LIBRARY OF CONGRESS CONTROL NUMBER
LC control number rc 01002807
035 ## - SYSTEM CONTROL NUMBER
System control number (OCoLC)4713967
040 ## - CATALOGING SOURCE
Original cataloging agency DLC
Transcribing agency NBrockU
Modifying agency NBrockU
-- MnHi
-- OCoLC
-- DLC
042 ## - AUTHENTICATION CODE
Authentication code premarc
043 ## - GEOGRAPHIC AREA CODE
Geographic area code n-us-va
050 00 - LIBRARY OF CONGRESS CALL NUMBER
Classification number F229
Item number .S86
100 1# - MAIN ENTRY--PERSONAL NAME
Personal name Stith, William,
Dates associated with a name 1707-1755.
245 14 - TITLE STATEMENT
Title The history of the first discovery and settlement of Virginia /
Statement of responsibility, etc. by William Stith.
260 ## - PUBLICATION, DISTRIBUTION, ETC.
Place of publication, distribution, etc. New York :
Name of publisher, distributor, etc. Reprinted for Joseph Sabin,
Date of publication, distribution, etc. 1865.
300 ## - PHYSICAL DESCRIPTION
Extent [386] p. in various pagings ;
Dimensions 22 cm.
490 0# - SERIES STATEMENT
Series statement Sabin's reprints ;
Volume/sequential designation no. 6
500 ## - GENERAL NOTE
General note Facsim. reprint of: Williamsburg : W. Parks, 1747. Cf. Church cat. 963.
530 ## - ADDITIONAL PHYSICAL FORM AVAILABLE NOTE
Additional physical form available note Also available in digital form on the Internet Archive Web site.
651 #0 - SUBJECT ADDED ENTRY--GEOGRAPHIC NAME
Geographic name Virginia
General subdivision History
Chronological subdivision Colonial period, ca. 1600-1775.
856 41 - ELECTRONIC LOCATION AND ACCESS
Uniform Resource Identifier <a href="http://hdl.loc.gov/loc.gdc/scd0001.00144439740">http://hdl.loc.gov/loc.gdc/scd0001.00144439740</a>

No items available.

Powered by Koha